000 00440nam a2200169Ia 4500
008 221030s9999 xx 000 0 und d
020 _a8120309863
041 _aEnglish
082 _a105.23
_bPuc
100 _aD. A. Pucknell
245 0 _aBasic VLSI Design ( DEPARTMENTAL )
_cby D. A. Pucknell, K. Eshraghian
260 _bPHI
_aNew Delhi
_c2000
300 _a495
650 _aCSE Departmental
700 _aK. Eshraghian
942 _cBK
999 _c6825
_d6825